<?xml version="1.0" encoding="UTF-8"?><?xml-stylesheet type="text/xsl" href="static/style.xsl"?><OAI-PMH xmlns="http://www.openarchives.org/OAI/2.0/" xmlns:xsi="http://www.w3.org/2001/XMLSchema-instance" xsi:schemaLocation="http://www.openarchives.org/OAI/2.0/ http://www.openarchives.org/OAI/2.0/OAI-PMH.xsd"><responseDate>2026-06-01T06:29:05Z</responseDate><request verb="GetRecord" identifier="oai:riuma.uma.es:10630/11517" metadataPrefix="marc">https://riuma.uma.es/rest/oai/request</request><GetRecord><record><header><identifier>oai:riuma.uma.es:10630/11517</identifier><datestamp>2026-02-03T10:22:50Z</datestamp><setSpec>com_10630_1685</setSpec><setSpec>col_10630_38055</setSpec></header><metadata><record xmlns="http://www.loc.gov/MARC21/slim" xmlns:dcterms="http://purl.org/dc/terms/" xmlns:doc="http://www.lyncode.com/xoai" xmlns:xsi="http://www.w3.org/2001/XMLSchema-instance" xsi:schemaLocation="http://www.loc.gov/MARC21/slim http://www.loc.gov/standards/marcxml/schema/MARC21slim.xsd">
   <leader>00925njm 22002777a 4500</leader>
   <datafield ind2=" " ind1=" " tag="042">
      <subfield code="a">dc</subfield>
   </datafield>
   <datafield ind2=" " ind1=" " tag="720">
      <subfield code="a">Domínguez Ruiz, Abel</subfield>
      <subfield code="e">author</subfield>
   </datafield>
   <datafield ind2=" " ind1=" " tag="260">
      <subfield code="c">2016-05-27</subfield>
   </datafield>
   <datafield ind2=" " ind1=" " tag="520">
      <subfield code="a">Este trabajo hace un estudio de algunas de las herramientas de seguridad disponibles en .Net Framework así como la forma de usarlas en un desarrollo web bajo la metodología de desarrollo de ASP.NET siguiendo el modelo Vista-Controlador y usando como entorno de desarrollo Visual Studio. Además de repasar las herramientas disponibles y la forma de uso se ha desarrollado también una aplicación de ejemplo: ItemCoteca-Web; en la que se demuestra cómo resolver el registro de usuarios, la autenticación y autorización de forma segura. En paralelo se ha implementado un cliente Android: Itemcoteca-app que realiza autenticación, registro y dispone de un chat seguro de incidencias para hablar con administradores OnlineEste trabajo no solo presenta las APIs disponibles sino también las buenas prácticas que define Microsoft para el uso de sus herramientas. En particular nos centramos en los tres tipos de controladores que podemos encontrar en una aplicación web Asp.net que son Controllers, WebApi y SignalR, comentando sus diferencias y su uso para clientes Web y móviles.</subfield>
   </datafield>
   <datafield ind1="8" ind2=" " tag="024">
      <subfield code="a">http://hdl.handle.net/10630/11517</subfield>
   </datafield>
   <datafield tag="653" ind2=" " ind1=" ">
      <subfield code="a">Servidores web</subfield>
   </datafield>
   <datafield tag="653" ind2=" " ind1=" ">
      <subfield code="a">Seguridad informática</subfield>
   </datafield>
   <datafield tag="653" ind2=" " ind1=" ">
      <subfield code="a">Grado en Ingeniería del Software - Trabajos Fin de Grado</subfield>
   </datafield>
   <datafield tag="653" ind2=" " ind1=" ">
      <subfield code="a">Informática - Trabajos Fin de Grado</subfield>
   </datafield>
   <datafield ind2="0" ind1="0" tag="245">
      <subfield code="a">APIs de seguridad en .NET Framework</subfield>
   </datafield>
</record>
</metadata></record></GetRecord></OAI-PMH>